Etika v kontexte sociálnych vied /

Main Author: Laca, Peter
Other Authors: Laca, Slavomír, 1980-
Language: Slovak
Published: Brno : Institut mezioborových studií, 2013
Subjects:
Physical Description: 205 s. ; 21 cm
Language note: Slovenské a anglické resumé
Book
Saved in:
LEADER 02154nam a2200613 a 4500
001 nkc20132521955
003 CZ PrNK
005 20190527191026.0
007 ta
008 131125s2013 xr f 001 0 slo
015 |a cnb002521955 
020 |a 978-80-87182-33-8  |q (brož.) 
035 |a (OCoLC)870288039 
040 |a ABA001  |b cze 
041 0 |a slo  |b slo  |b eng 
072 7 |a 17  |x Etika. Morální filozofie  |2 Konspekt  |9 5 
080 |a 17  |2 MRF 
080 |a 172  |2 MRF 
080 |a 177:57/61  |2 MRF 
080 |a 614.253  |2 MRF 
080 |a 364-78  |2 MRF 
080 |a 17.021/.024  |2 MRF 
080 |a (048.8)  |2 MRF 
100 1 |a Laca, Peter  |7 jo2014803230  |4 aut 
245 1 0 |a Etika v kontexte sociálnych vied /  |c [Peter Laca, Slavomír Laca] 
260 |a Brno :  |b Institut mezioborových studií,  |c 2013 
300 |a 205 s. ;  |c 21 cm 
500 |a Terminologický slovník 
500 |a 100 výt. 
504 |a Obsahuje bibliografii, bibliografické odkazy a rejstřík 
546 |a Slovenské a anglické resumé 
650 0 7 |a etika  |7 ph114488  |2 czenas 
650 0 7 |a sociální etika  |7 ph116203  |2 czenas 
650 0 7 |a bioetika  |7 ph114151  |2 czenas 
650 0 7 |a lékařská etika  |7 ph115193  |2 czenas 
650 0 7 |a zdravotnická etika  |7 ph413829  |2 czenas 
650 0 7 |a sociální práce  |7 ph125805  |x etické a morální aspekty  |2 czenas 
650 0 7 |a etické kodexy  |7 ph262226  |2 czenas 
650 0 9 |a ethics  |2 eczenas 
650 0 9 |a social ethics  |2 eczenas 
650 0 9 |a bioethics  |2 eczenas 
650 0 9 |a medical ethics  |2 eczenas 
650 0 9 |a health care ethics  |2 eczenas 
650 0 9 |a social work  |x ethical and moral aspects  |2 eczenas 
650 0 9 |a ethical codices  |2 eczenas 
655 7 |a monografie  |7 fd132842  |2 czenas 
655 9 |a monographs  |2 eczenas 
700 1 |a Laca, Slavomír,  |d 1980-  |7 jx20120203015  |4 aut 
910 2 |a BOA001  |b 2-1315.687 
990 |a BK 
995 |a 01 
991 |b 201401  |c NOV  |j 17 LAC  |e n 
996 6 |b 2610575705  |c 2-1315.687  |l MZK  |r Sklad / do 1 hodiny  |n 11  |p p.v.  |w 001392609  |u 000010  |a 1  |e BOA001  |j MZK50  |s P 
996 7 |b 2610575706  |c 2-1315.687  |l MZK  |r Sklad / do 1 hodiny  |n 17  |p p.v.  |w 001392609  |u 000020  |a 1  |e BOA001  |j MZK50  |s A